01837nam a2200325 a 4500001000200000003000900002005001700011008004100028020001800069040002500087082003000112100003600142245015800178260008000336300002100416490003300437500003500470500007400505500005700579504003000636505046000666650005201126650004801178651005301226651005001279651006401329700003701393700003901430710004201469 DO-SdBNP20220202094848.0100601s2009 dr 001 0 spa d a9789945457087 aDO-SdBNPbspacBPMSU a336.3435bH565d, 20092221 aHerrera, César A.,d1910-198810aDe Hartmont a Trujillo :bestudio para la historia de la deuda pública /cCésar A. Herrera ; presentación Daniel Toribio ; prólogo Bernardo Vega. aSanto Domingo :bBanreservas;bSociedad Dominicana de Bibliófilos,c2009. a410 p. ;c23 cm.0 aBibliófilos-Banreservasv6 aIncluye índice onomástico. aIncluye referencias bibliográficas y notas al pie de las páginas. aIncluye datos biográficos del autor en las solapas aBibliografía : p. 25-260 aPresentación -- Exordio -- Prólogo -- Bibliografía -- De la independencia a los "Seis años" -- El forcejeo incesante -- Ulises Heureaux o el descalabro -- El apogeo del desastre -- Se remachan las cadenas -- En las garras de Rossevelt -- Gobierno del general Ramón Cáceres -- De lleno en el caos -- Intervención militar norteamericana -- La tercera república -- Era de Trujillo -- La solemne reivindicación -- Empréstito Erlanger & Co. 4aDeuda externaxHistoriazRepública Dominicana 4aRepública dominicanaxHistoriay1865-1916 4aRepública DominicanaxCondiciones económicas 4aRepública DominicanaxPolítica y gobierno 4aRepública DominicanaxHistoriayEra de Trujillo 1930-19611 aToribio, Daniel,epresetación 1 aVega, Bernardo,d1938 -eprólogo2 aSociedad Dominicana de Bibliófilos